Pohádkový kalendář /
Krátké příběhy o jednotlivých měsících v roce pomáhají začínajícím čtenářům při prvním samostatném čtení souvislého textu tištěného velkými písmeny.
Uloženo v:
| Série: | Čteme sami - genetická metoda,
část 0 |
|---|---|
| Hlavní autor: | |
| Další autoři: | |
| Médium: | E-kniha |
| Jazyk: | Czech |
| Vydáno: |
V Praze :
Fragment,
2022
|
| Vydání: | 1. vydání |
| Edice: | Čteme sami. Genetická metoda
|
| Témata: | |
| Příbuzné jednotky: | Z cyklu::
Čteme sami - genetická metoda |
| Tagy: |
Žádné tagy |
| LEADER | 02328nam a2200517 i 4500 | ||
|---|---|---|---|
| 001 | 311724 | ||
| 003 | CZ PrSKC | ||
| 005 | 20260601215710.0 | ||
| 007 | ta | ||
| 008 | 221128s2022 xr a b 000 jdcze | ||
| 015 | |a cnb003474117 | ||
| 020 | |a 9788025361122 |q (vázáno) : |c Kč 249,00 | ||
| 035 | |a (OCoLC)1357139483 | ||
| 040 | |a ABG001 |b cze |d ABA001 |e rda | ||
| 072 | 7 | |a 821.162.3-3 |x Česká próza |2 Konspekt | |
| 072 | 7 | |a 821-93 |x Literatura pro děti a mládež (beletrie) |2 Konspekt | |
| 080 | |a 821.162.3-32 |2 MRF | ||
| 080 | |a 821-93 |2 MRF | ||
| 080 | |a 37.016:028-028.31 |2 MRF | ||
| 080 | |a (0:82-32) |2 MRF | ||
| 100 | 1 | |a Burešová, Jana |7 xx0223719 |4 aut | |
| 245 | 1 | 0 | |a Pohádkový kalendář / |c napsala Jana Burešová ; ilustrovala Zuzana Korčáková |
| 250 | |a 1. vydání | ||
| 264 | 1 | |a V Praze : |b Fragment, |c 2022 | |
| 300 | |a 49 stran : |b barevné ilustrace ; |c 23 cm | ||
| 336 | |a text |b txt |2 rdacontent | ||
| 337 | |a bez média |b n |2 rdamedia | ||
| 338 | |a svazek |b nc |2 rdacarrier | ||
| 490 | 1 | |a Čteme sami. Genetická metoda : stupeň C | |
| 520 | 2 | |a Krátké příběhy o jednotlivých měsících v roce pomáhají začínajícím čtenářům při prvním samostatném čtení souvislého textu tištěného velkými písmeny. | |
| 521 | 8 | |a Pro čtenáře od 6 let | |
| 650 | 0 | 7 | |a genetická metoda čtení |7 ph1054740 |2 czenas |
| 650 | 0 | 9 | |a genetic method of reading |2 eczenas |
| 655 | 7 | |a české příběhy |7 fd133973 |2 czenas | |
| 655 | 7 | |a publikace pro děti |7 fd133156 |2 czenas | |
| 655 | 9 | |a Czech stories |2 eczenas | |
| 655 | 9 | |a children's literature |2 eczenas | |
| 700 | 1 | |a Korčáková, Zuzana, |d 1987- |7 xx0264935 |4 ill | |
| 830 | 0 | |a Čteme sami. |p Genetická metoda | |
| 900 | |a ABA001 |b 19 | ||
| 928 | 9 | |a Albatros Media - Fragment | |
| 044 | |a xr | ||
| 787 | 0 | 8 | |g 0 |i Z cyklu: |t Čteme sami - genetická metoda |
| 910 | |a RBIT002 | ||
| 998 | |d 362677 |a https://core.palmknihy.cz/api/books/362677/cover?tducud |b https://core.palmknihy.cz/api/books/362677/cover/400?tducud |c https://core.palmknihy.cz/api/books/362677/cover/50?tducud |e 2032-12-31 |g 56 |i 9788025361122 |j https://core.palmknihy.cz/api/books/362677/preview.epub |k https://core.palmknihy.cz/api/books/362677/preview.pdf |l |q 49 |r 1 |s https://www.palmknihy.cz/kniha/362677 |t ebook |y 2022 |z 0 |v Čteme sami - genetická metoda |w 0 | ||
| 999 | |d 311722 | ||